Online Catalogue and eLibrary

Education in Sri Lanka 1948-1988 : (Record no. 2967)

MARC details
000 -LEADER
fixed length control field 00538nam a2200193Ia 4500
005 - DATE AND TIME OF LATEST TRANSACTION
control field 20240805061308.0
008 - FIXED-LENGTH DATA ELEMENTS--GENERAL INFORMATION
fixed length control field 240331s9999 xx 000 0 und d
020 ## - INTERNATIONAL STANDARD BOOK NUMBER
ISBN 8170130719
082 ## - DDC Classification
Item Number - Author Mark DES
Class No. 379
100 ## - MAIN ENTRY--PERSONAL NAME
Personal name De Silva, C
245 #0 - TITLE STATEMENT
Title Education in Sri Lanka 1948-1988 :
Remainder of title an analysis of the structure and a critical survey of the literature
260 ## - PUBLICATION, DISTRIBUTION, ETC.
Place of publication, distribution, etc. New Delhi
Name of publisher, distributor, etc. Booksellers and Publishers
Date of publication, distribution, etc. 1990
300 ## - PHYSICAL DESCRIPTION
Extent (e.g. Volumes, Pages etc.) 270 p .,
650 ## - SUBJECT ADDED ENTRY--TOPICAL TERM
Topical term or geographic name entry element Political
650 ## - SUBJECT ADDED ENTRY--TOPICAL TERM
Topical term or geographic name entry element Gender
650 ## - SUBJECT ADDED ENTRY--TOPICAL TERM
Topical term or geographic name entry element Society
650 ## - SUBJECT ADDED ENTRY--TOPICAL TERM
Topical term or geographic name entry element Economic
942 ## - Koha item type (Biblio)
Koha item type Books in Stacks (Lending)
Holdings
Lost status Damaged status Collection code Home library Current library Shelving location Date acquired Full call number Accession Number Item type
    Lending WERC Library WERC Library Social Science Cupboard 03/31/2024 379 DES 1346 Books in Stacks (Lending)

© WERC Library